Mission critical : realizing the promise of enterprise systems

Αποθηκεύτηκε σε:
Λεπτομέρειες βιβλιογραφικής εγγραφής
Κύριος συγγραφέας: Davenport, Thomas H. 1954-
Μορφή: Βιβλίο
Γλώσσα:English
Δημοσίευση: Boston, MA : Harvard Bussiness School Press, 2000
Θέματα:
Ετικέτες: Προσθήκη ετικέτας
Δεν υπάρχουν, Καταχωρήστε ετικέτα πρώτοι!

MARC

LEADER 00000nam a2200000 i 4500
001 1/75884
008 080226s2000 eng d
020 |a 0-87584-906-7 
035 |l 10095035 
040 |a GR-MY-UA  |b gre  |e aacr 
041 0 |a eng 
082 0 |a 658.4038011  |2 (22) 
100 1 |a Davenport, Thomas H.  |d 1954- 
245 1 0 |a Mission critical :  |b realizing the promise of enterprise systems /  |c Thomas H. Davenport 
260 |a Boston, MA :   |b Harvard Bussiness School Press,   |c 2000 
300 |a x, 335 σ.;  |b εικ.;  |c 24 εκ. 
504 |a Περιέχει βιβλιογραφικές παραπομπές και ευρετήριο 
650 0 0 |a Management information systems. 
852 |a INST  |b SAMOS  |e 20080226  |h 658.4038011 DAV  |p 005300026784  |q 005300026784  |t BK  |y 0 
901 |a BIBL3-2008-1 
909 |a Σ  |b 140738 
922 |a 3ΕΛΗ  |b 200712  |c ΕΠΕΑΕΚ2/ΤΜΠΕΣ  |d ΕΛΕΥΘΕΡΟΥΔΑΚΗΣ 
970 |a ΡΟΥΣΣΟΥ  |b ΚΩΝΣΤΑΝΤΙΝΑ  |z 2008/02/26